000 02229nam a22002897a 4500
003 NALT
005 20251024151254.0
008 171102b th ||||| |||| 00| 0 tha d
040 _aNALT
050 _aHJ 2162.55.Z7
_bส226ก 2560
110 2 _aสำนักงานเลขาธิการสภาผู้แทนราษฎร.
_bสำนักงบประมาณของรัฐสภา
_93737
245 1 0 _aการศึกษาและติดตามการจัดทำงบประมาณแผนบูรณาการด้านส่งเสริมการวิจัยและพัฒนา ปีงบประมาณ พ.ศ. 2560 /
_cสำนักงบประมาณของรัฐสภา สำนักงานเลขาธิการสภาผู้แทนราษฎร.
246 1 4 _aรายงานวิชาการสำนักงบประมาณของรัฐสภา ฉบับที่ 4/2560 การศึกษาและติดตามการจัดทำงบประมาณแผนบูรณาการด้านส่งเสริมการวิจัยและพัฒนา ปีงบประมาณ พ.ศ. 2560
250 _aพิมพ์ครั้งที่ 1
260 _aกรุงเทพฯ :
_bสำนักงบประมาณของรัฐสภา สำนักงานเลขาธิการสภาผู้แทนราษฎร,
_c2560.
300 _a91 หน้า :
_bภาพประกอบ, ตาราง ;
_c29 ซม.
650 0 _aงบประมาณ
_zไทย
_95879
650 4 _919660
_aวิจัย
_xค่าใช้จ่าย
650 4 _919652
_aงบประมาณแบบแผนงาน
_xวิจัย
700 0 _aกมลา ชินพงศ์
_919521
700 0 _919662
_aสาวิตรี วาระคำ
700 0 _aปิยวรรณ เงินคล้าย
_919661
850 _aNALT
856 4 0 _uhttps://hdl.handle.net/20.500.14156/586179
942 _cRSH
_2lcc
999 _c93931
_d93931
998 _j4612
_k นางสาววัลยา พุ่มต้นวงค์